| 000 | 00721nam a2200253Ia 4500 | ||
|---|---|---|---|
| 003 | OSt | ||
| 005 | 20220925215630.0 | ||
| 006 | a|||||r|||| 00| 0 | ||
| 007 | ta | ||
| 008 | 220923b |||||||| |||| 00| 0 eng d | ||
| 020 | _a1860647979 | ||
| 037 | _cGeneral Book | ||
| 040 |
_aRTL _cRTL _beng |
||
| 041 |
_2eng _aeng |
||
| 082 | _aV2.N5, P2 | ||
| 100 |
_aCavaliero Roderick _9283173 |
||
| 245 | 0 |
_aStrangers in the land _b The rise and decline of the |
|
| 260 |
_aLondon _bI B Tauris Publishers _c2002 |
||
| 300 |
_axvi, 280p Bibliography: P 256-62 _ccm. |
||
| 650 |
_a India _964395 |
||
| 650 | _aHistory | ||
| 942 |
_hV2.N5, P2 _cGB _2CC |
||
| 999 |
_c569279 _d569279 |
||